| 000 | 00886nam a2200277Ia 4500 | ||
|---|---|---|---|
| 001 | Para_8343 | ||
| 003 | CHAP | ||
| 008 | 220125s1918 xx 000 0 und d | ||
| 010 | _a207205 | ||
| 040 | _cCHAP | ||
| 082 | _aPA-C 595.752 A6 | ||
| 100 |
_aHeadlee, Thomas J. _953234 |
||
| 245 |
_aSome important orchard plant lice / _c by Thomas J. Headlee |
||
| 260 |
_aNew Bronswink, N.J. : _b New Jersey Agricultural Experiment Station |
||
| 300 | _a27 p. | ||
| 440 |
_aAphidae; 12 Bulletin 328 _9173728 |
||
| 500 | _aEncuadernado con otros impresos similares | ||
| 650 |
_a _x Afididos _x Colecciones de escritos _x Agricultura _x plagas _x Control biológico de insectos _9173729 |
||
| 901 | _aPA-C 595.752 A6 | ||
| 902 | _aA | ||
| 905 | _a0000001918 a 0000000000 00 | ||
| 910 | _a1918 | ||
| 942 | _cPARA | ||
| 942 |
_cPARA _d1 |
||
| 999 |
_c207205 _d207205 |
||